000 00674nas a2200253 454500
001 53578
005 20260407193512.0
008 260407s1966####ag###########|||spa#d
003 AR-UNSa-BCEJYS
040 _aAR-UNSa-BCEJYS
_bspa
_cAR-UNSa-BCEJYS
080 _a34
_xDerecho
245 1 0 _aEl Derecho
_pRepertorio General
264 1 _aBuenos Aires :
_bEl Derecho
_c1966
310 _aFrecuencia: Irregular
041 _aspa
942 _cSER
590 _aniveau_biblio:s niveau_hierar:1
100 1 _aUniversidad Católica Argentina (UCA)
700 1 _aFornieles, Jorge S.
650 _aDerecho
650 _aLegislación
650 _aJURISPRUDENCIA
650 _aLEYES
999 _c8962
_d8962